[Event "Rheinland Pfalz op 11th"]
[Site "Weilerbach"]
[Date "2019.06.23"]
[Round "7"]
[White "Hollinger, Sascha"]
[Black "Mang, Markus"]
[Result "0-1"]
[WhiteElo "1505"]
[BlackElo "1729"]
[PlyCount "68"]
[EventDate "2019.06.20"]
[EventType "swiss"]
[EventRounds "7"]
[EventCountry "GER"]
[SourceTitle "CBM 191 Extra"]
[Source "ChessBase"]
[SourceDate "2019.09.30"]
[SourceVersion "1"]
[SourceVersionDate "2019.09.30"]
[SourceQuality "1"]

1. c4 e6 2. Nc3 Nf6 3. g3 d5 4. cxd5 exd5 5. d4 c6 6. Bg2 Bf5 7. Nf3 Bd6 8. 0-0 0-0 9. Re1 Nbd7 10. Nh4 Be6 11. e4 dxe4 12. Nxe4 Nxe4 13. Bxe4 Nf6 14. Qd3 Nxe4 15. Rxe4 g5 16. Rxe6 fxe6 17. Ng2 Qf6 18. Be3 Rad8 19. Qb3 Rf7 20. a4 a6 21. Rd1 Bb8 22. Qb6 Rfd7 23. Qc5 h6 24. h4 Rd5 25. Qc1 c5 26. hxg5 hxg5 27. f4 g4 28. Ne1 cxd4 29. Bd2 d3 30. Ng2 Ba7+ 31. Ne3 Qh6 32. Kf1 Qh1+ 33. Kf2 Qh2+ 34. Kf1 Rh5 0-1

[Event "Rheinland Pfalz op 11th"]
[Site "Weilerbach"]
[Date "2019.06.21"]
[Round "4"]
[White "Mang, Markus"]
[Black "Roelle, Philipp"]
[Result "0-1"]
[WhiteElo "1729"]
[BlackElo "2052"]
[PlyCount "94"]
[EventDate "2019.06.20"]
[EventType "swiss"]
[EventRounds "7"]
[EventCountry "GER"]
[SourceTitle "CBM 191 Extra"]
[Source "ChessBase"]
[SourceDate "2019.09.30"]
[SourceVersion "1"]
[SourceVersionDate "2019.09.30"]
[SourceQuality "1"]

1. d4 Nf6 2. c4 c5 3. d5 e5 4. Nc3 d6 5. e4 Be7 6. Nf3 0-0 7. h3 Na6 8. a3 Bd7 9. Bd3 Nc7 10. 0-0 Nfe8 11. Qc2 g6 12. Bh6 Ng7 13. Nd2 Bg5 14. Bxg5 Qxg5 15. Nf3 Qf6 16. Be2 Nh5 17. Kh2 Nf4 18. Ng1 Qg5 19. g3 Nxe2 20. Qxe2 Rae8 21. b4 b6 22. bxc5 bxc5 23. Rab1 Rb8 24. Rxb8 Rxb8 25. Rb1 Qd8 26. Qd3 Rb6 27. Rxb6 axb6 28. Qb1 Qb8 29. Nb5 Nxb5 30. cxb5 Qa7 31. Qb3 Qa5 32. a4 Qe1 33. Qe3 Qf1 34. Qe2 Qa1 35. Qc2 Kg7 36. Kg2 f5 37. f3 Qe1 38. Ne2 fxe4 39. fxe4 Bxh3+ 40. Kf3 Qf1+ 41. Ke3 Bg4 42. Qd3 Bxe2 43. Qxe2 Qg1+ 44. Qf2 Qc1+ 45. Kf3 Qd1+ 46. Kg2 Qxa4 47. g4 Qxe4+ 0-1

[Event "Pfalz op-B 10th"]
[Site "Neustadt an der Weinstrasse"]
[Date "2019.03.04"]
[Round "7"]
[White "Mang, Markus"]
[Black "Werner, Tom"]
[Result "0-1"]
[WhiteElo "1716"]
[BlackElo "1762"]
[PlyCount "74"]
[EventDate "2019.03.01"]
[EventType "swiss"]
[EventRounds "7"]
[EventCountry "GER"]
[SourceTitle "CBM 189 Extra"]
[Source "ChessBase"]
[SourceDate "2019.06.03"]
[SourceVersion "1"]
[SourceVersionDate "2019.06.03"]
[SourceQuality "1"]

1. d4 d5 2. Nf3 Nf6 3. c4 e6 4. g3 Be7 5. Bg2 0-0 6. 0-0 Nbd7 7. Qc2 b6 8. cxd5 exd5 9. Nc3 Bb7 10. Bf4 c5 11. dxc5 bxc5 12. Rad1 d4 13. Nb5 Qb6 14. a4 Be4 15. Qc4 a6 16. Na3 Qxb2 17. Bc1 Qb7 18. Ne1 Ne5 19. Qa2 Bxg2 20. Nxg2 Nd5 21. Bb2 Rfd8 22. f4 Ng4 23. Nc4 Rab8 24. Rb1 Nb4 25. Qa1 Nc2 26. Qa2 Qe4 27. Ne5 Nxe5 28. fxe5 Qd5 29. Qxd5 Rxd5 30. Rfc1 Nb4 31. Ba1 Rxe5 32. e3 Rd5 33. exd4 cxd4 34. Rc4 d3 35. Bc3 a5 36. Ne3 Bc5 37. Kf2 Rf5+ 0-1

[Event "Pfalz op-B 10th"]
[Site "Neustadt an der Weinstrasse"]
[Date "2019.03.04"]
[Round "6"]
[White "Wastian, Hans Georg"]
[Black "Mang, Markus"]
[Result "0-1"]
[WhiteElo "1779"]
[BlackElo "1716"]
[PlyCount "48"]
[EventDate "2019.03.01"]
[EventType "swiss"]
[EventRounds "7"]
[EventCountry "GER"]
[SourceTitle "CBM 189 Extra"]
[Source "ChessBase"]
[SourceDate "2019.06.03"]
[SourceVersion "1"]
[SourceVersionDate "2019.06.03"]
[SourceQuality "1"]

1. d4 e6 2. c4 Nf6 3. Nc3 d5 4. Bg5 Be7 5. e3 h6 6. Bh4 0-0 7. Nf3 b6 8. cxd5 Nxd5 9. Bxe7 Qxe7 10. Nxd5 exd5 11. Rc1 Be6 12. Bd3 c5 13. b3 Nd7 14. 0-0 Rfd8 15. Qd2 a5 16. Bb5 Rac8 17. Rc2 Bf5 18. Rc3 Nf6 19. Rcc1 Ne4 20. Qe2 Bg4 21. h3 Bxf3 22. gxf3 Ng5 23. f4 Ne4 24. f3 Ng3 0-1

[Event "Pfalz op-B 10th"]
[Site "Neustadt an der Weinstrasse"]
[Date "2019.03.03"]
[Round "4"]
[White "Mang, Markus"]
[Black "Lohr, Werner"]
[Result "1/2-1/2"]
[WhiteElo "1716"]
[BlackElo "1855"]
[PlyCount "43"]
[EventDate "2019.03.01"]
[EventType "swiss"]
[EventRounds "7"]
[EventCountry "GER"]
[SourceTitle "CBM 189 Extra"]
[Source "ChessBase"]
[SourceDate "2019.06.03"]
[SourceVersion "1"]
[SourceVersionDate "2019.06.03"]
[SourceQuality "1"]

1. d4 d5 2. Nf3 e6 3. c4 c6 4. g3 f5 5. Qc2 Nf6 6. Bg2 Bd6 7. 0-0 0-0 8. b3 Ne4 9. Bb2 Nd7 10. Nbd2 Ndf6 11. Ne1 Bd7 12. Ndf3 f4 13. Nd3 fxg3 14. fxg3 Ng4 15. Bc1 Qe7 16. Nde5 Nxe5 17. Nxe5 Rxf1+ 18. Bxf1 Bxe5 19. dxe5 Rf8 20. Be3 b6 21. Bg2 Ng5 22. c5 1/2-1/2

[Event "Pfalz-ch HT1 86th"]
[Site "Wolfstein"]
[Date "2017.04.09"]
[Round "3"]
[White "Schulz, Werner"]
[Black "Mang, Markus"]
[Result "1-0"]
[WhiteElo "1797"]
[BlackElo "1703"]
[PlyCount "69"]
[EventDate "2017.04.07"]
[EventType "swiss"]
[EventRounds "7"]
[EventCountry "GER"]
[SourceTitle "EXT 2018"]
[Source "ChessBase"]
[SourceDate "2017.10.13"]
[SourceVersion "1"]
[SourceVersionDate "2017.10.13"]
[SourceQuality "1"]

1. d4 e6 2. c4 d5 3. Nc3 Nf6 4. Bg5 Be7 5. e3 h6 6. Bh4 0-0 7. Nf3 b6 8. cxd5 Nxd5 9. Bg3 Nxc3 10. bxc3 c5 11. Bd3 Bb7 12. 0-0 Nd7 13. Rc1 Nf6 14. Bb1 Rc8 15. Ne5 cxd4 16. exd4 Ba3 17. Qe2 Bxc1 18. Rxc1 Qe7 19. Bf4 Rfd8 20. f3 Qa3 21. Qd2 Qf8 22. Qd3 Kh8 23. h4 Qg8 24. g4 g5 25. hxg5 hxg5 26. Bd2 Qg7 27. Kg2 Kg8 28. Rh1 Kf8 29. c4 Ke7 30. Qa3+ Ke8 31. Qa4+ Nd7 32. Qxa7 Nxe5 33. Qxb7 Nxc4 34. Bxg5 Kf8 35. Bh6 1-0

[Event "Pfalz-ch HT1 86th"]
[Site "Wolfstein"]
[Date "2017.04.08"]
[Round "2"]
[White "Mang, Markus"]
[Black "Chiviksin, Valerie"]
[Result "0-1"]
[WhiteElo "1703"]
[BlackElo "1853"]
[PlyCount "58"]
[EventDate "2017.04.07"]
[EventType "swiss"]
[EventRounds "7"]
[EventCountry "GER"]
[SourceTitle "EXT 2018"]
[Source "ChessBase"]
[SourceDate "2017.10.13"]
[SourceVersion "1"]
[SourceVersionDate "2017.10.13"]
[SourceQuality "1"]

1. d4 d5 2. c4 c6 3. Nf3 Nf6 4. e3 Bg4 5. Qb3 Qb6 6. Nbd2 e6 7. h3 Bh5 8. g4 Bg6 9. c5 Qc7 10. Ne5 Nbd7 11. Nxg6 hxg6 12. Bg2 e5 13. Qc2 e4 14. g5 Nh5 15. Rb1 Be7 16. h4 f6 17. gxf6 Bxf6 18. Bh3 0-0 19. Qd1 Ng3 20. Be6+ Kh7 21. Rh3 Nh5 22. Qg4 Nb8 23. Nf1 Na6 24. Ng3 Nf4 25. exf4 Bxd4 26. h5 g5 27. f5 Nxc5 28. h6 g6 29. fxg6+ Kxg6 0-1

[Event "Wiesbaden op 27th"]
[Site "Wiesbaden"]
[Date "2015.08.29"]
[Round "4"]
[White "Mang, Markus"]
[Black "Masoudi, Kian"]
[Result "1-0"]
[WhiteElo "1724"]
[BlackElo "1241"]
[PlyCount "107"]
[EventDate "2015.08.27"]
[EventType "swiss"]
[EventRounds "7"]
[EventCountry "GER"]
[SourceTitle "EXT 2016"]
[Source "ChessBase"]
[SourceDate "2015.10.08"]
[SourceVersion "1"]
[SourceVersionDate "2015.10.08"]
[SourceQuality "1"]

1. d4 Nf6 2. c4 c5 3. d5 e6 4. Nc3 exd5 5. cxd5 d6 6. e4 g6 7. Nf3 Bg4 8. Bb5+ Nfd7 9. Bf4 a6 10. Be2 Bxf3 11. Bxf3 b5 12. Qd2 Be7 13. Bh6 Ne5 14. Be2 Nbd7 15. 0-0 Nf6 16. h3 b4 17. Nd1 Nxe4 18. Qc2 f5 19. Ne3 Bf6 20. Rfe1 Kf7 21. Bf4 Re8 22. f3 Ng5 23. h4 Nexf3+ 24. Bxf3 Nxf3+ 25. gxf3 Bd4 26. Bg5 Qb6 27. Kg2 Qb7 28. Qb3 a5 29. a4 Qd7 30. Nc4 Ra6 31. Bf4 Qd8 32. Bg5 Bf6 33. f4 h6 34. Rxe8 Qxe8 35. Bxf6 Qe2+ 36. Kh1 Qe4+ 37. Kg1 Kxf6 38. Rf1 Qxd5 39. Qc2 Qd4+ 40. Rf2 d5 41. Ne5 c4 42. Kf1 Rd6 43. Rf3 Kg7 44. b3 c3 45. Nd3 Qf6 46. Qf2 d4 47. Ke1 Rc6 48. Kd1 c2+ 49. Kc1 h5 50. Ne5 Rc8 51. Qxd4 Rd8 52. Qa7+ Kg8 53. Rg3 Kf8 54. Nxg6+ 1-0

[Event "Wiesbaden op 27th"]
[Site "Wiesbaden"]
[Date "2015.08.28"]
[Round "3"]
[White "Neukirchner, Pascal"]
[Black "Mang, Markus"]
[Result "1-0"]
[WhiteElo "1932"]
[BlackElo "1724"]
[PlyCount "127"]
[EventDate "2015.08.27"]
[EventType "swiss"]
[EventRounds "7"]
[EventCountry "GER"]
[SourceTitle "EXT 2016"]
[Source "ChessBase"]
[SourceDate "2015.10.08"]
[SourceVersion "1"]
[SourceVersionDate "2015.10.08"]
[SourceQuality "1"]

1. Nf3 d5 2. d4 Nf6 3. Bf4 g6 4. e3 Bg7 5. c4 c5 6. Nc3 cxd4 7. Nxd4 Nc6 8. Nxc6 bxc6 9. Be2 0-0 10. 0-0 Re8 11. Be5 Be6 12. Bf3 Rc8 13. Qa4 Qb6 14. Bd4 c5 15. Bxf6 Bxf6 16. Bxd5 Bxc3 17. Bxe6 Qxe6 18. bxc3 a6 19. Rfd1 Red8 20. Rd5 Qb6 21. Qb3 Qc7 22. Rad1 e6 23. R5d2 Rxd2 24. Rxd2 Rd8 25. Rb2 Qd6 26. h3 Qd1+ 27. Qxd1 Rxd1+ 28. Kh2 Rd6 29. Rb8+ Kg7 30. Rc8 Rd2 31. Rxc5 Rxa2 32. Rc6 a5 33. Ra6 Rc2 34. Rxa5 Rxc3 35. Rc5 h5 36. h4 f5 37. Rc8 Kf6 38. c5 Rc4 39. Kg3 Ke5 40. f3 f4+ 41. exf4+ Rxf4 42. c6 Rc4 43. c7 Rc3 44. Rg8 Rxc7 45. Rxg6 Rh7 46. Rg5+ Kd6 47. Kf4 Rf7+ 48. Ke4 Rh7 49. f4 Rh6 50. f5 Ke7 51. fxe6 Kxe6 52. Ra5 Kf7 53. Ra7+ Kg8 54. Kf5 Rb6 55. Ra3 Rb4 56. g3 Rg4 57. Kf6 Kh7 58. Ra7+ Kh8 59. Ra5 Rxg3 60. Rxh5+ Kg8 61. Rg5+ Rxg5 62. hxg5 Kf8 63. g6 Kg8 64. g7 1-0

[Event "Wiesbaden op 24th"]
[Site "Wiesbaden"]
[Date "2012.08.25"]
[Round "5"]
[White "Scharrer, Udo"]
[Black "Mang, Markus"]
[Result "1/2-1/2"]
[WhiteElo "2054"]
[BlackElo "1827"]
[PlyCount "55"]
[EventDate "2012.08.23"]
[EventType "swiss"]
[EventRounds "7"]
[EventCountry "GER"]
[SourceTitle "CBM 150 Extra"]
[Source "ChessBase"]
[SourceDate "2012.10.19"]
[SourceVersion "1"]
[SourceVersionDate "2012.10.19"]
[SourceQuality "1"]

1. d4 d5 2. c4 c6 3. Nf3 Nf6 4. e3 Bf5 5. Nc3 e6 6. Nh4 Bb4 7. Nxf5 exf5 8. Bd3 g6 9. 0-0 0-0 10. cxd5 Nxd5 11. Nxd5 Qxd5 12. b3 Re8 13. Bb2 Qd8 14. g3 Nd7 15. Qf3 Nf6 16. h4 h5 17. a3 Bf8 18. Rfd1 Qd5 19. Qxd5 cxd5 20. Rac1 Rec8 21. Kf1 Bd6 22. Ke2 a6 23. a4 a5 24. Rxc8+ Rxc8 25. Rc1 Rxc1 26. Bxc1 Kf8 27. Bd2 b6 28. Bc3 1/2-1/2

[Event "Wiesbaden op 24th"]
[Site "Wiesbaden"]
[Date "2012.08.24"]
[Round "3"]
[White "Feicht, Arno"]
[Black "Mang, Markus"]
[Result "1-0"]
[WhiteElo "2064"]
[BlackElo "1827"]
[PlyCount "83"]
[EventDate "2012.08.23"]
[EventType "swiss"]
[EventRounds "7"]
[EventCountry "GER"]
[SourceTitle "CBM 150 Extra"]
[Source "ChessBase"]
[SourceDate "2012.10.19"]
[SourceVersion "1"]
[SourceVersionDate "2012.10.19"]
[SourceQuality "1"]

1. e4 e6 2. d4 d5 3. Nc3 Nf6 4. Bg5 Be7 5. e5 Nfd7 6. h4 a6 7. Qg4 f6 8. Qh5+ Kf8 9. exf6 Nxf6 10. Qe2 c5 11. Nf3 Nc6 12. dxc5 Qa5 13. 0-0-0 Qxc5 14. h5 h6 15. Be3 Qd6 16. Nh4 Kf7 17. Ng6 Re8 18. Bf4 Qd8 19. Ne5+ Kg8 20. Qd3 Nxe5 21. Bxe5 Ng4 22. f4 Nxe5 23. fxe5 Bg5+ 24. Kb1 Qe7 25. Be2 Rf8 26. Bf3 Kh8 27. Ne2 Bd7 28. Ng1 Bb5 29. Qd4 Rf4 30. Qb6 Rc8 31. Nh3 Rfc4 32. Nxg5 hxg5 33. h6 Rxc2 34. hxg7+ Kxg7 35. Bxd5 Rxb2+ 36. Kxb2 Qb4+ 37. Bb3 Rc2+ 38. Kxc2 Bd3+ 39. Rxd3 Qxb6 40. Rd7+ Kg6 41. Kd1 Qb5 42. Bc2+ 1-0

[Event "Wiesbaden op 24th"]
[Site "Wiesbaden"]
[Date "2012.08.24"]
[Round "2"]
[White "Mang, Markus"]
[Black "Kuenne, Lutz Dieter"]
[Result "1-0"]
[WhiteElo "1827"]
[BlackElo "1562"]
[PlyCount "65"]
[EventDate "2012.08.23"]
[EventType "swiss"]
[EventRounds "7"]
[EventCountry "GER"]
[SourceTitle "CBM 150 Extra"]
[Source "ChessBase"]
[SourceDate "2012.10.19"]
[SourceVersion "1"]
[SourceVersionDate "2012.10.19"]
[SourceQuality "1"]

1. d4 d5 2. Nf3 Nf6 3. c4 c6 4. Nc3 dxc4 5. a4 e6 6. Bg5 Nbd7 7. e4 h6 8. Bh4 g5 9. Bg3 Nh5 10. Be5 f6 11. Nd2 Ng7 12. Bg3 Nb6 13. a5 Nd7 14. Nxc4 b5 15. axb6 Nxb6 16. Be2 h5 17. f4 Nxc4 18. Bxc4 h4 19. Bf2 gxf4 20. Qg4 Ke7 21. Qxf4 Nh5 22. Qf3 Qd6 23. Be3 e5 24. Rd1 Rb8 25. b3 Qb4 26. Bd2 Qa3 27. 0-0 Qd6 28. dxe5 Qc5+ 29. Be3 Qxe5 30. Bd4 Qg5 31. e5 Bg7 32. Bc5+ Ke8 33. Qxc6+ 1-0